Syndróm vyhorenia u pracovníkov štátnej správy

Pojem syndróm vyhorenia. Stres ako percipitor syndrómu vyhorenia. Prevencia a intervencia syndrómu vyhorenia u pracovníka štátnej správy.

Saved in:
Bibliographic Details
Main Author: Lachytová, Lenka
Format: Book Chapter
Language:Slovak
Subjects:
Tags: Add Tag
No Tags, Be the first to tag this record!

MARC

LEADER 00000naa a2200000 4500
001 0251290
005 20190225093142.2
041 0 |a slo 
044 |a SK 
245 1 0 |a Syndróm vyhorenia u pracovníkov štátnej správy  |c Lenka Lachytová 
520 |a Pojem syndróm vyhorenia. Stres ako percipitor syndrómu vyhorenia. Prevencia a intervencia syndrómu vyhorenia u pracovníka štátnej správy. 
610 2 0 |a syndróm vyhorenia 
610 2 0 |a zamestnanci 
610 2 0 |a správa štátna 
610 2 0 |a stresy 
610 2 0 |a prevencia 
100 1 |a Lachytová, Lenka